Κατάλογος Βιβλιοθηκών Mediterranean College

Η Δεύτερη Γλώσσα / Κατάκτηση και Διδασκαλία (Record no. 3153)

MARC details
000 -LEADER
fixed length control field 01437cam a22002054a 4500
005 - ΗΜΕΡΟΜΗΝΙΑ ΚΑΙ ΩΡΑ ΤΕΛΕΥΤΑΙΑΣ ΕΝΗΜΕΡΩΣΗΣ
Πεδίο ελέγχου 20250605164106.0
008 - FIXED-LENGTH DATA ELEMENTS--GENERAL INFORMATION
Πεδίο ελέγχου σταθερού μήκους 250528s ||||||||||||||||||||||||d
035 ## - SYSTEM CONTROL NUMBER
System control number 17752
020 ## - ISBN
ISBN 9789601641959
040 ## - ΠΗΓΗ ΚΑΤΑΛΟΓΟΓΡΑΦΗΣΗΣ
Φορέας πρωτότυπης καταλογογράφησης MC Athens Campus Library
Γλώσσα καταλογογράφησης Ελληνικά, Μοντέρνα (1453-)
Modifying agency MC Athens Campus Library
Κανόνες περιγραφικής καταλογογράφησης AACR2
245 1# - ΤΙΤΛΟΣ ΚΑΙ ΔΗΛΩΣΗ ΥΠΕΥΘΥΝΟΤΗΤΑΣ
Τίτλος Η Δεύτερη Γλώσσα / Κατάκτηση και Διδασκαλία
250 ## - EDITION STATEMENT
Edition statement
260 ## - PUBLICATION, DISTRIBUTION, ETC.
Name of publisher, distributor, etc. Πατάκη,
Date of publication, distribution, etc. 2017
300 ## - PHYSICAL DESCRIPTION
Extent 272
520 ## - SUMMARY, ETC.
Summary, etc. Το βιβλίο αυτό παρουσιάζει τις βασικές θεωρητικές προσεγγίσεις στο ζήτημα της κατάκτησης της δεύτερης γλώσσας, καθώς και την εφαρμογή τους στη γλωσσική διδασκαλία. Πρόλογος, Εισαγωγή, Η Γλώσσα του Μαθητή, Πρώϊμες Θεωρίες, Καθολική Γραμματική, Γνωστικές Προσεγγίσεις, Γλωσσικό Εισαγόμενο και Διεπίδραση, Κοινωνικοί Παράγοντες και Περικείμενο, Θεωρίες Κατάκτησης και Διδακτική Πρακτική, Επίμετρο, Βιβλιογραφία, Απόδοση Ξένων Όρων στα Ελληνικά, Ευρετήριο Ονομάτων και Όρων και Εννοιών.
700 1# - ΠΡΟΣΘΕΤΗ ΑΝΑΓΡΑΦΗ--ΦΥΣΙΚΟ ΠΡΟΣΩΠΟ
Personal name Μπέλλα Σπυριδούλα
9 (RLIN) 3957
942 ## - ADDED ENTRY ELEMENTS (KOHA)
Koha item type Books
Holdings
Τύπος τεκμηρίου Βιβλιοθήκη Τρέχουσα τοποθεσία Barcode Αριθμός εισαγωγής Ημερομηνία απόκτησης Ταξιθετικό σύμβολο Αριθμός αντιτύπου Κατάσταση απόσυρσης Κατάσταση χαμένου Κατάσταση κατεστραμμένου Μη δανεισμός Σύνολο δανεισμών Ημερομηνία τελευταίας εμφάνισης Η τιμή ισχύει από
Books MC Athens Campus Library MC Athens Campus Library 9780000031525 7117 05/06/2025 418.0071 BEL 1           05/06/2025 05/06/2025

MC Athens Campus Library
Πατησίων 94 & Κοδριγκτώνος 13, 104 34
Πελλήνης 8 & Πατησίων 107, 112 51
Τ: +30 210 8899600

MC Thessaloniki Campus Library
Ίωνος Δραγούμη 21, 54625 | Ίωνος Δραγούμη 15, 54625
Τ: +30 2310 287779 – Τ: +30 2314 440300